000 00535cas a22001815a 4500
001 L138768
008 070710c2000 xxkzr p 0 a0eng u
035 _a(Sirsi) u138768
041 0 _aeng
110 2 _aRoyal Institution of Chartered Surveyors
_bSouth West Region
_95260
245 0 0 _aAround the South West Region
260 _aS.l.
_bRICS
_c[2000]-
362 0 _a[2000]-Winter 2000
554 _aUnknown
651 4 _aSouth West (England)
_y1994-
690 _aMANAGEMENT-BUSINESS MANAGEMENT-PROFESSIONAL PRACTICE
942 _n0
999 _c119031
_d119031